Polskie naj... #1 - Statystyki

Ogólne statystyki
  • Ten quiz został rozwiązany 237 razy
  • Średni wynik to 17 z 40
Statystyki odpowiedzi
Odpowiedz Wskazowka % Poprawnych
Rysy 2499 m n.p.m
95%
Odra 854,3 km
92%
Wisła 1022 km
92%
Warszawa 1,862,402
91%
Kraków 807,644
89%
Wrocław 673,531
89%
Gdańsk 487,834
88%
Poznań 536,818
87%
Warta 808,2 km
85%
Łódź 648,711
83%
Szczecin 387,700
82%
Hańcza gł. 106,2m
81%
Bug 772 km
80%
Lublin 328,868
78%
Białystok 290,907
71%
Bydgoszcz 324,984
71%
San 457,8 km
52%
Narew 484 km
47%
Noteć 391,3 km
41%
Wieprz 303 km
38%
Pilica 319 km
34%
Bóbr 272 km
24%
Świnica 2301 m n.p.m
22%
Wigry gł. 74,2
21%
Mięguszowiecki Szczyt 2438 m n.p.m
14%
Drawsko gł. 82,2m
6%
Czarny Staw pod Rysami gł. 77,0m
5%
Niżnie Rysy 2430 m n.p.m
4%
Cubryna 2376 m n.p.m
3%
Mięguszowiecki Szczyt Czarny 2410 m n.p.m
3%
Mięguszowiecki Szczyt Pośredni 2393 m n.p.m
3%
Wielki Staw Polski gł. 80,3m
3%
Hińczowa Turnia 2372 m n.p.m
2%
Wdzydze gł. 69,5m
2%
Wołowa Turnia 2373 m n.p.m
2%
Babięty Wielkie gł. 65,2m
1%
Ciecz gł. 58,8m
1%
Morzycko gł. 60,7m
1%
Wuksniki gł. 67,3m
1%
Żabia Turnia Mięguszowiecka 2366 m n.p.m
1%
Nie znaleziono quizów pasujących do podanych kryteriów
Rozkład punktacji
Procent ludzi z każdym wynikiem
Percentyl według liczby udzielonych odpowiedzi
Twoja historia wyników
Nie rozwiązałeś tego quizu